Photo to Country #2 - Statistics

General Stats
  • This quiz has been taken 49 times
  • The average score is 12 of 16
Answer Stats
Picture Answer % Correct
Egypt
98%
Italy
98%
Russia
98%
Nepal/China
95%
Australia
93%
United States
93%
France
80%
Panama
80%
United Arab Emirates
80%
Japan
77%
India
70%
Singapore
64%
Vatican City
55%
Saudi Arabia
52%
Indonesia
50%
Peru
32%
No matching quizzes found
Score Distribution
Percent of People with Each Score
Percentile by Number Answered
Your Score History
You have not taken this quiz